| 000 | 00631nam a2200241 a 4500 | ||
|---|---|---|---|
| 001 | 0001-1241 | ||
| 003 | ELIB.Books | ||
| 008 | 150602 2010 eng | ||
| 020 | _a13 : 9788174328528 | ||
| 035 | _a(ELIB.Books)0001-1396 | ||
| 092 |
_a227.87 _bBat |
||
| 100 | _aBateman, IV Herbert. | ||
| 245 | _aFour Views On The Warning Passages in Hebrews: | ||
| 260 |
_aColorado Springs _bAuthentic Press _c2007 |
||
| 300 |
_a480 _c21.5 Cm |
||
| 500 | _aLibrary | ||
| 650 | _aHebrew | ||
| 856 |
_nKBTS: Library _uKBTS: Elib |
||
| 942 |
_2ddc _cBK |
||
| 990 | _a1 | ||
| 998 |
_cbat _e2015-06-02 |
||
| 999 |
_c11241 _d11241 |
||